[Event "CZE-chT2B 1920"]
[Site "Czech Republic"]
[Date "2020.02.09"]
[Round "8.4"]
[White "Balin, Daniel"]
[Black "Pribyl, Josef"]
[Result "0-1"]
[WhiteElo "1899"]
[BlackElo "2069"]
[PlyCount "64"]
[EventDate "2019.10.13"]
[EventType "team-tourn"]
[EventRounds "11"]
[EventCountry "CZE"]
[SourceTitle "EXT 2024"]
[Source "ChessBase"]
[SourceDate "2023.10.10"]
[SourceVersion "1"]
[SourceVersionDate "2023.10.10"]
[SourceQuality "1"]
[WhiteTeam "Usti nad Labem"]
[BlackTeam "Kolesovice Cesky Lev"]
[WhiteTeamCountry "CZE"]
[BlackTeamCountry "CZE"]

1. d4 Nf6 2. c4 g6 3. Nc3 d5 4. cxd5 Nxd5 5. e4 Nxc3 6. bxc3 Bg7 7. Bb5+ c6 8. Ba4 0-0 9. Ne2 b5 10. Bc2 Nd7 11. h4 h5 12. g4 Nf6 13. g5 Ne8 14. f4 Bg4 15. Qd3 c5 16. dxc5 Qc8 17. Be3 Bf3 18. Rg1 Bxe2 19. Kxe2 Nc7 20. Bd4 Ne6 21. Qe3 Rd8 22. Rad1 Qa6 23. Bb3 b4+ 24. Kf3 bxc3 25. Bxc3 Bxc3 26. Qxc3 Rac8 27. Rxd8+ Rxd8 28. Ke3 Nxc5 29. Qxc5 Rd3+ 30. Kf2 Rd2+ 31. Kf3 Qe2+ 32. Kg3 Rd3+ 0-1

[Event "EU-ch U14 26th"]
[Site "Prague"]
[Date "2016.08.26"]
[Round "8"]
[White "Ocko, Dominik"]
[Black "Balin, Daniel"]
[Result "1/2-1/2"]
[WhiteElo "1784"]
[BlackElo "1567"]
[PlyCount "86"]
[EventDate "2016.08.18"]
[EventType "swiss"]
[EventRounds "9"]
[EventCountry "CZE"]
[SourceTitle "CBM 174 Extra"]
[Source "ChessBase"]
[SourceDate "2016.10.10"]
[SourceVersion "1"]
[SourceVersionDate "2016.10.10"]
[SourceQuality "1"]

1. d4 Nf6 2. Nf3 e6 3. Bg5 c5 4. e3 b6 5. d5 exd5 6. Nc3 Bb7 7. Bxf6 Qxf6 8. Nxd5 Qd6 9. c4 Nc6 10. Be2 Be7 11. 0-0 0-0 12. Qc2 Qh6 13. Qf5 Rad8 14. Rad1 Bd6 15. h3 Ne7 16. Nxe7+ Bxe7 17. Nh2 Qe6 18. Qxe6 dxe6 19. Bf3 Bxf3 20. Nxf3 Bf6 21. b3 Bc3 22. Kh2 h6 23. Kg1 e5 24. e4 Bd4 25. Nxd4 exd4 26. Rd3 Rfe8 27. f3 Re5 28. Kf2 f5 29. exf5 Rde8 30. Rd2 Rxf5 31. Re2 Rxe2+ 32. Kxe2 Re5+ 33. Kd2 Kf7 34. Re1 Kf6 35. h4 Rxe1 36. Kxe1 Kf5 37. g3 g5 38. hxg5 hxg5 39. Kd2 g4 40. f4 Ke4 41. Ke2 a6 42. a4 a5 43. Kd2 Kf5 1/2-1/2

[Event "CZE-ch U10"]
[Site "Kouty nad Desnou"]
[Date "2013.03.15"]
[Round "8"]
[White "Balin, Daniel"]
[Black "Ocko, Dominik"]
[Result "0-1"]
[WhiteElo "1396"]
[BlackElo "1408"]
[PlyCount "102"]
[EventDate "2013.03.09"]
[EventType "swiss"]
[EventRounds "9"]
[EventCountry "CZE"]
[SourceTitle "EXT 2015"]
[Source "ChessBase"]
[SourceDate "2014.11.20"]
[SourceVersion "1"]
[SourceVersionDate "2014.11.20"]
[SourceQuality "1"]

1. e4 c5 2. Nf3 d6 3. d4 cxd4 4. Nxd4 Nf6 5. Nc3 a6 6. Be3 e5 7. Nb3 Be7 8. f3 Be6 9. Qd2 Nc6 10. 0-0-0 Rc8 11. g4 b5 12. g5 Nd7 13. Nd5 Bxd5 14. exd5 Ncb8 15. h4 Qc7 16. Kb1 Nb6 17. Bxb6 Qxb6 18. Bh3 Rc4 19. h5 Qd8 20. Rdg1 g6 21. Bg4 Bxg5 22. Qxg5 Qxg5 23. Bd7+ Nxd7 24. Rxg5 Nc5 25. hxg6 fxg6 26. Rxg6 hxg6 27. Rxh8+ Ke7 28. Ra8 Nxb3 29. axb3 Rf4 30. Rxa6 Rxf3 31. Rb6 e4 32. Kc1 e3 33. Kd1 Rf2 34. Rxb5 Rd2+ 35. Kc1 g5 36. Rb4 Rxd5 37. Re4+ Re5 38. Rxe5+ dxe5 39. Kd1 Kd6 40. Ke2 Kd5 41. Kxe3 g4 42. c4+ Kc5 43. Ke4 Kb4 44. Ke3 Kc5 45. Kf2 e4 46. Kf1 Kd4 47. Ke2 g3 48. Ke1 e3 49. Kf1 Kd3 50. c5 e2+ 51. Kg2 e1Q 0-1

[Event "CZE-ch U10"]
[Site "Kouty nad Desnou"]
[Date "2013.03.12"]
[Round "5"]
[White "Balin, Daniel"]
[Black "Demko, Robert"]
[Result "1-0"]
[WhiteElo "1396"]
[BlackElo "1586"]
[PlyCount "93"]
[EventDate "2013.03.09"]
[EventType "swiss"]
[EventRounds "9"]
[EventCountry "CZE"]
[SourceTitle "EXT 2015"]
[Source "ChessBase"]
[SourceDate "2014.11.20"]
[SourceVersion "1"]
[SourceVersionDate "2014.11.20"]
[SourceQuality "1"]

1. e4 e5 2. Bc4 Nf6 3. d4 exd4 4. Nf3 Nc6 5. 0-0 Bc5 6. Bg5 d6 7. Re1 Bg4 8. Qd3 Bxf3 9. Qxf3 Bb6 10. Bxf6 Qxf6 11. Qxf6 gxf6 12. Nd2 Ne5 13. Rad1 Ba5 14. Be2 Rg8 15. Rf1 0-0-0 16. Nb3 Bb6 17. Nxd4 Bxd4 18. Rxd4 Rde8 19. f3 Ng6 20. f4 f5 21. Bd3 fxe4 22. Bxe4 Re7 23. f5 Nf8 24. f6 Re5 25. Bf5+ Kb8 26. Re4 Rxe4 27. Bxe4 Ng6 28. Re1 Re8 29. Kf2 Kc8 30. Bxb7+ Kd8 31. Rxe8+ Kxe8 32. Bc6+ Kd8 33. Kg3 Ne5 34. Ba4 Nd7 35. Bxd7 Kxd7 36. Kf4 Ke6 37. Kg5 h6+ 38. Kxh6 Kxf6 39. h4 d5 40. h5 c5 41. Kh7 Kg5 42. h6 d4 43. Kg7 c4 44. h7 d3 45. cxd3 cxd3 46. h8Q Kf4 47. Qe8 1-0

[Event "CZE-ch U10"]
[Site "Kouty nad Desnou"]
[Date "2013.03.11"]
[Round "3"]
[White "Vyvial, Patrik"]
[Black "Balin, Daniel"]
[Result "0-1"]
[WhiteElo "1250"]
[BlackElo "1396"]
[PlyCount "118"]
[EventDate "2013.03.09"]
[EventType "swiss"]
[EventRounds "9"]
[EventCountry "CZE"]
[SourceTitle "EXT 2015"]
[Source "ChessBase"]
[SourceDate "2014.11.20"]
[SourceVersion "1"]
[SourceVersionDate "2014.11.20"]
[SourceQuality "1"]

1. e4 e5 2. Nf3 Nf6 3. Nc3 Bb4 4. Bc4 0-0 5. 0-0 Nc6 6. d3 Bxc3 7. bxc3 d5 8. exd5 Nxd5 9. Bxd5 Qxd5 10. Re1 Bg4 11. c4 Qd6 12. Bb2 Rae8 13. Qe2 f5 14. Rad1 Qe7 15. Qd2 Bxf3 16. gxf3 Rf6 17. Kh1 Rh6 18. f4 Qh4 19. f3 Rhe6 20. Rg1 g6 21. Rde1 Qxf4 22. Qxf4 exf4 23. Rxe6 Rxe6 24. Bc1 Re2 25. Bxf4 Rxc2 26. Bxc7 Rxa2 27. Rb1 b6 28. Rd1 Nd4 29. Be5 Nxf3 30. d4 Kf7 31. Rd3 Nxe5 32. dxe5 Ke6 33. Rh3 Kxe5 34. Rxh7 f4 35. Rg7 Kf6 36. Rg8 Kf7 37. Rc8 f3 38. Kg1 f2+ 39. Kf1 a5 40. c5 bxc5 41. Rxc5 a4 42. Rc6 a3 43. Ra6 Ke7 44. h3 g5 45. Ra5 Kd6 46. Rxg5 Rb2 47. h4 a2 48. Ra5 Rb1+ 49. Kxf2 a1Q 50. Rxa1 Rxa1 51. h5 Rh1 52. h6 Rxh6 53. Kg3 Rf6 54. Kh4 Rg6 55. Kh3 Ke5 56. Kh2 Kf4 57. Kh3 Rg8 58. Kh2 Kf3 59. Kh3 Rh8# 0-1